• 首页
  • 本馆介绍
  • 公告通知
  • 最新文献
  • 馆藏检索
  • 电子资源
  • 读者导购
  • 参考咨询
  • 我的图书馆
  • 登录
  • 详细信息显示
  • 放入我的书架
  • 预约/预借图书
  • 作者相关作品
  • 分类相关作品
  • 丛书相关作品
  • 出版社相关作品

书目信息

  • 表格格式
  • 工作单格式
  • 卡片格式
题名:
口琴吹奏激发
    
 
作者:
分册:  
出版信息: 北京   中央音乐学院出版社  
页数: 138页
开本: 24cm
丛书名:
单 册:
中图分类: J624.46
科图分类:
主题词: 器乐--理论 , 器乐--奏法 , 器乐--演奏
电子资源:
ISBN: 978-7-81096-483-8
000 00542nam0 2200193 450
001 202410161900264849
005 20241018154514.69
010    @a978-7-81096-483-8@dCNY39.80
100    @a20241016d km y0chiy0120 ea
101 0  @achi
200 1  @a口琴吹奏激发@AKou Qin Chui Zou Ji Fa
210    @a北京@c中央音乐学院出版社
215    @a138页@d24cm
606 0  @a器乐@x理论
606 0  @a器乐@x奏法
606 0  @a器乐@x演奏
690    @aJ624.46@v4
801  0 @aCN@b大连网信软件有限公司图书馆·11@c20241018
905    @aZUCC@b1058815@dJ624.46@e647@f1
    
    口琴吹奏激发.-北京:中央音乐学院出版社
    138页;24cm
    
    
    ISBN 978-7-81096-483-8:CNY39.80
    
●
相关链接 在E读中查询图书 在五车中查询图书 在当当中查询图书 在豆瓣中查询图书


正题名:口琴吹奏激发     索取号:J624.46/647         预约/预借

序号 登录号 条形码 馆藏地/架位号 状态 备注
1 1058815   210588158   密集书库-音乐系/ [索取号:J624.46/647] 在馆    
唐山师范学院图书馆 欢迎您!
大连网信软件有限公司© 版权所有